Media in scena e nuovi linguaggi. Comunicare nell'epoca del digitale e delle globalizzazioni (Record n. 89696)

Dettagli MARC
000 -LEADER
fixed length control field 02155nam a2200289Ia 4500
001 - CONTROL NUMBER
control field H2919
003 - CONTROL NUMBER IDENTIFIER
control field IT-RoPAU
008 - FIXED-LENGTH DATA ELEMENTS--GENERAL INFORMATION
fixed length control field 130308s9999 xx 000 0 und d
040 ## - CATALOGING SOURCE
Original cataloging agency IT-RoPAU
040 ## - CATALOGING SOURCE
Transcribing agency IT-RoPAU
041 ## - LANGUAGE CODE
Language code of text/sound track or separate title ITALIANO
100 ## - MAIN ENTRY--PERSONAL NAME
Personal name Petralli Alessio
100 ## - MAIN ENTRY--PERSONAL NAME
Miscellaneous information Codice Aut. SPICS: 47608
245 ## - TITLE STATEMENT
Title Media in scena e nuovi linguaggi. Comunicare nell'epoca del digitale e delle globalizzazioni
245 ## - TITLE STATEMENT
Remainder of title Media in scena e Nuovi Linguaggi. comunicare nell'epoca del Digitale e delle Globalizzazioni
250 ## - EDITION STATEMENT
Edition statement 1a ed.
260 ## - PUBLICATION, DISTRIBUTION, ETC. (IMPRINT)
Place of publication, distribution, etc. ROMA
260 ## - PUBLICATION, DISTRIBUTION, ETC. (IMPRINT)
Name of publisher, distributor, etc. Carocci
260 ## - PUBLICATION, DISTRIBUTION, ETC. (IMPRINT)
Date of publication, distribution, etc. 2003 [1° Ed.:2003 - Ed.Ling.Originale:2003]
300 ## - PHYSICAL DESCRIPTION
Extent "264 p. (prefazione: 22; testo: 242 [pagine: 0-0])"
500 ## - GENERAL NOTE
General note "Prefazione di Stephan Russ Mohl. Consapevolezza del Cambiamento. Esperienze Avanzate e Scenari: Etere, Cavo, Satellite; passaggio al Digitale; Futurodell'All News. integrazione e Specializzazione. Interattivita': forme di Interattivita'; Interattività Evoluta. tv e Web. Archivi e Copyright. Fondamentali per la Notizia: Formazione; comunicare Il Cambiamento. Servizio Pubblico nel Digitale: comunicare la Transizione. Media in Scena: Ibridazione.Verso la convergenza Finale: Metadati. messa in scena Nei Media: Creatività e Standardizzazione; Fonti globali dei Media; Qualità e Quantita'; a buon mercato e Costoso; Estensione del Marchio. Messaggio Mediale e Multimediale: Tempo e Spazio; Tempo dell'Oralità e Spazio della Scrittura; Velocità e Lentezza; Diretta e Differita; Globale e Locale; internet e Pubblicita'; testo e Immagine; Contesto e Ipertesto. Lingue Speciali. Lingua dell'Economia e Divulgazione: Debiti Linguistici e Metafore, Riformulazioni e Parafrasi. globalizzazione Nei Media: globalizzazione e Titolazione Nei Quotidiani: globalizzazione Economica e Altre Globalizzazioni; Nascita della Globalizzazione; Globalization e termini Affini; Esempi di Cooccorrenze di Globalizzazione; regole per Il tutto Globale. Riferimenti Bibliografici. indice dei Nomi."
650 ## - SUBJECT ADDED ENTRY--TOPICAL TERM
Topical term or geographic name as entry element SAGGI DI COMUNICAZIONE SOCIALE
650 ## - SUBJECT ADDED ENTRY--TOPICAL TERM
Relator term Codice materia Spics: 3807
942 ## - ADDED ENTRY ELEMENTS (KOHA)
Koha item type LIBRO
957 ## -
-- 1
999 ## - SYSTEM CONTROL NUMBERS (KOHA)
-- 1
Dati di copia
Withdrawn status Lost status Damaged status Not for loan Home library Current library Date acquired Total Checkouts Full call number Date last seen Price effective from Koha item type Public note
    Buone Condizioni Not For Loan SPICS-MEDIATECA SPICS-MEDIATECA 08/03/2013   H2919 08/03/2013 08/03/2013 LIBRO Progressivo inserimento: 16402 / N. Volumi: 1 Copie: 1 / data import: 1 marzo 2013 - By Epidotti, Trombetti, Vaglietti.
CREDITS: SOCIETA' SAN PAOLO Via A.Severo, 58 - ROMA (RM) & PERIODICI SAN PAOLO SRL Via Giotto, 36 MILANO & CISF Via Giotto, 36 MILANO & EDIZIONI SAN PAOLO SRL,  Piazza Soncino, 5 CINISELLO BALSAMO (MI) -- ITALY